Základy automatizácie pre učebné a študijné odbory stredných odborných učilíšť povinný kurz základy automatizácie /

Uloženo v:
Podrobná bibliografie
Hlavní autor: Bílek, Jan
Další autoři: Bajer, Jiří 1964-, Straka, P.
Médium: Kniha
Jazyk:slovenština
Vydáno: Bratislava : Alfa, vydavateľstvo technickej a ekonomickej literatúry, 1985
Témata:
On-line přístup: Získat plný text
Tagy: Přidat tag
Žádné tagy, Buďte první, kdo vytvoří štítek k tomuto záznamu!

MARC

LEADER 00000nam a2200000 4500
003 SK-BrCVT
005 20220621142342.0
008 880101s1985 cs e ||||||slo d
035 |a CVTIDW0897108 
040 |b slo  |a CVTI SR 
041 0 |a slo 
044 |a cs 
080 |a 65.011.56:658.52.011.56  |2 UDC-MRF 
080 |a 62-52:681.5  |2 UDC-MRF 
100 1 |a Bílek, Jan 
245 1 0 |a Základy automatizácie pre učebné a študijné odbory stredných odborných učilíšť povinný kurz základy automatizácie /  |c Jan Bílek, Jiří Bajer ; Z Čes. Orig. Prel. P. Straka 
260 |a Bratislava :  |b Alfa, vydavateľstvo technickej a ekonomickej literatúry,  |c 1985 
300 |a 56 s. 
653 1 |a automatizácia 
692 |a Ko MM 
700 1 |a Bajer, Jiří  |d 1964-,  |9 25510 
700 1 |a Straka, P. 
910 |b A460062 
974 |f Knihy 
992 |a AUC 
999 |c 50369  |d 50369